000 00512nam a22001817a 4500
003 KOHA_MİRAKIL
005 20251202070944.0
008 251202b tu ||||| |||| 00| 0 tur d
020 _a9786259955063
040 _aTR-AnABB
_btur
_cTR-AnABB
041 _atur
082 _a323
_bINS 2023
245 1 0 _aİnsan hakları makaleleri seçkisi II /
260 _aAnkara :
_bTürkiye İnsan Hakları ve Eşitlik Kurumu,
_c2023
300 _a397 sayfa ;
_c23 cm
650 0 4 _aİnsan hakları
942 _2ddc
_cBK
999 _c9688
_d9688
900 _bGizem YORULMAZ